Fundamentals of national service training program: civic welfare training service. (Record no. 7756)

MARC details
000 -LEADER
fixed length control field 00601nam a22001937i 4500
003 - CONTROL NUMBER IDENTIFIER
control field URS
020 ## - INTERNATIONAL STANDARD BOOK NUMBER
International Standard Book Number 9789712370878
050 ## - LIBRARY OF CONGRESS CALL NUMBER
Classification number LC22015
Item number Sa3f 2014
100 1# - MAIN ENTRY--PERSONAL NAME
Personal name Saluba, Dennis J.
245 ## - TITLE STATEMENT
Title Fundamentals of national service training program: civic welfare training service.
264 #1 - PRODUCTION, PUBLICATION, DISTRIBUTION, MANUFACTURE, AND COPYRIGHT NOTICE
Place of production, publication, distribution, manufacture Quezon City
Name of producer, publisher, distributor, manufacturer Rex Printing Company,Inc.
Date of production, publication, distribution, manufacture, or copyright notice 2014.
300 ## - PHYSICAL DESCRIPTION
Extent vi, 127 pages
Other physical details illustrations
Dimensions 25cm
336 ## - CONTENT TYPE
Content type term text
Content type code txt
Source rdacontent
337 ## - MEDIA TYPE
Media type term unmediated
Media type code n
Source rdamedia
338 ## - CARRIER TYPE
Carrier type term volume
Carrier type code nc
Source rdacarrier
500 ## - GENERAL NOTE
General note Includes appendices and references
650 #0 - SUBJECT ADDED ENTRY--TOPICAL TERM
Topical term or geographic name entry element Student services.
942 ## - ADDED ENTRY ELEMENTS (KOHA)
Koha item type Filipiniana
Holdings
Withdrawn status Source of classification or shelving scheme Damaged status Not for loan Collection code Home library Current library Shelving location Date acquired Source of acquisition Total Checkouts Full call number Barcode Date last seen Copy number Price effective from Koha item type
  Library of Congress Classification     Non-fiction Pililla College Library Pililla College Library General Stacks 02/24/2016 purchased   361.7 Sa3f 2014 URSPIL-5349. 05/31/2019 1 02/24/2016 Filipiniana
  Library of Congress Classification     Non-fiction Pililla College Library Pililla College Library General Stacks 02/24/2016 purchased   361.7 Sa3f 2014 URSPIL-5350. 05/31/2019 2 02/24/2016 Filipiniana
  Library of Congress Classification     Non-fiction Pililla College Library Pililla College Library General Stacks 02/24/2016 purchased   361.7 Sa3f 2014 URSPIL-5351. 05/31/2019 3 02/24/2016 Filipiniana
  Library of Congress Classification     Non-fiction Pililla College Library Pililla College Library General Stacks 02/24/2016 purchased   361.7 Sa3f 2014 URSPIL-5352 05/31/2019 4 02/24/2016 Filipiniana
  Library of Congress Classification     Non-fiction Pililla College Library Pililla College Library General Stacks 02/24/2016 purchased   361.7 Sa3f 2014 URSPIL-5353 05/31/2019 5 02/24/2016 Filipiniana

University of Rizal System
Email us at univlibservices@urs.edu.ph

Visit our Website www.urs.edu.ph/library